000 00537nam a2200193 a 4500
001 BRCA_2523
005 20190320203841.0
008 251108s1936----nyua---###---#000-0#eng-u
050 4 _aN7343.5
_b.H64 1936
100 1 _aHobson, Robert Lockhart
_97251
245 1 0 _aThe romance of Chinese art
_cRobert Lockhart Hobson ... [et al.].
260 _aNew York
_bGarden City
_c1936
300 _a192 p.
_bil.
_c29 cm.
500 _aA11
504 _aBibliografía: p. 189-192
650 1 4 _aArte chino
_97252
902 _aGFM
942 _2lcc
_cB
999 _c2264
_d2264